<?xml version="1.0" encoding="UTF-8"?>
<record
    xmlns:xsi="http://www.w3.org/2001/XMLSchema-instance"
    xsi:schemaLocation="http://www.loc.gov/MARC21/slim http://www.loc.gov/standards/marcxml/schema/MARC21slim.xsd"
    xmlns="http://www.loc.gov/MARC21/slim">

  <leader>02050nam a22002537a 4500</leader>
  <controlfield tag="001">6315</controlfield>
  <controlfield tag="003">FISKH</controlfield>
  <controlfield tag="005">20250422143824.0</controlfield>
  <controlfield tag="008">250410b        cb ||||| |||| 00| 0 eng d</controlfield>
  <datafield tag="040" ind1=" " ind2=" ">
    <subfield code="a">FISKH</subfield>
    <subfield code="b">khr</subfield>
    <subfield code="c">FISKH</subfield>
    <subfield code="d">FISKH</subfield>
  </datafield>
  <datafield tag="050" ind1=" " ind2=" ">
    <subfield code="a">PZ7</subfield>
  </datafield>
  <datafield tag="082" ind1=" " ind2=" ">
    <subfield code="a">800 </subfield>
  </datafield>
  <datafield tag="100" ind1=" " ind2=" ">
    <subfield code="a">Sreyneath, Kry</subfield>
  </datafield>
  <datafield tag="245" ind1=" " ind2=" ">
    <subfield code="a">&#x1798;&#x17D2;&#x1785;&#x17B6;&#x179F;&#x17CB;&#x1794;&#x17C6;&#x178E;&#x17BB;&#x179B;&#x179F;&#x17D2;&#x1793;&#x17C1;&#x17A0;&#x17CF; /</subfield>
    <subfield code="c">&#x1793;&#x17B7;&#x1796;&#x1793;&#x17D2;&#x1792;&#x178A;&#x17C4;&#x1799;&#x1780;&#x1789;&#x17D2;&#x1789;&#x17B6; &#x1782;&#x17D2;&#x179A;&#x17B8; &#x179F;&#x17D2;&#x179A;&#x17B8;&#x1793;&#x17B6;&#x1790; </subfield>
  </datafield>
  <datafield tag="250" ind1=" " ind2=" ">
    <subfield code="a">&#x1785;&#x17C1;&#x1789;&#x1795;&#x17D2;&#x179F;&#x17B6;&#x1799;&#x1786;&#x17D2;&#x1793;&#x17B6;&#x17C6;&#x17E2;&#x17E0;&#x17E1;&#x17E0;</subfield>
  </datafield>
  <datafield tag="260" ind1=" " ind2=" ">
    <subfield code="a">&#x1797;&#x17D2;&#x1793;&#x17C6;&#x1796;&#x17C1;&#x1789; :</subfield>
    <subfield code="b">&#x1794;&#x178E;&#x17D2;&#x178E;&#x17B6;&#x179B;&#x17D0;&#x1799; &#x1786;&#x1796;&#x178E;&#x17D2;&#x178E;&#x179A;&#x1784;&#x17D2;&#x179F;&#x17B8; ,</subfield>
    <subfield code="c">2010&#x200B; .</subfield>
  </datafield>
  <datafield tag="300" ind1=" " ind2=" ">
    <subfield code="a">150 pages : </subfield>
    <subfield code="b">illustrations ; </subfield>
    <subfield code="c">21 cm . </subfield>
  </datafield>
  <datafield tag="520" ind1=" " ind2=" ">
    <subfield code="a">&#x1787;&#x17B6;&#x1794;&#x17D2;&#x179A;&#x179B;&#x17C4;&#x1798;&#x179B;&#x17C4;&#x1780;&#x1797;&#x17B6;&#x179F;&#x17B6;&#x1781;&#x17D2;&#x1798;&#x17C2;&#x179A;&#x178A;&#x17C2;&#x179B;&#x179F;&#x1798;&#x17D2;&#x1794;&#x17BC;&#x179A;&#x1791;&#x17C5;&#x178A;&#x17C4;&#x1799;&#x17A2;&#x17B6;&#x179A;&#x1798;&#x17D2;&#x1798;&#x178E;&#x17CD;&#x179F;&#x17D2;&#x1793;&#x17C1;&#x17A0;&#x17B6; &#x1780;&#x17B6;&#x179A;&#x179F;&#x1793;&#x17D2;&#x1799;&#x17B6; &#x1793;&#x17B7;&#x1784;&#x1780;&#x17B6;&#x179A;&#x179A;&#x17A2;&#x17B7;&#x179B;&#x179A;&#x17A2;&#x17BD;&#x179B;&#x1780;&#x17D2;&#x1793;&#x17BB;&#x1784;&#x1787;&#x17B8;&#x179C;&#x17B7;&#x178F;&#x17D4; &#x1781;&#x17D2;&#x179B;&#x17B9;&#x1798;&#x179F;&#x17B6;&#x179A;&#x179A;&#x17BF;&#x1784;&#x1795;&#x17D2;&#x178A;&#x17C4;&#x178F;&#x1791;&#x17C5;&#x179B;&#x17BE;&#x178F;&#x17BD;&#x17A2;&#x1784;&#x17D2;&#x1782;&#x179F;&#x17D2;&#x179A;&#x17B8;&#x1793;&#x17B7;&#x1784;&#x1794;&#x17BB;&#x179A;&#x179F;&#x1798;&#x17BD;&#x1799;&#x1782;&#x17BC; &#x178A;&#x17C2;&#x179B;&#x1794;&#x17B6;&#x1793;&#x179F;&#x17D2;&#x179A;&#x179B;&#x17B6;&#x1789;&#x17CB;&#x1782;&#x17D2;&#x1793;&#x17B6;&#x1799;&#x17C9;&#x17B6;&#x1784;&#x1787;&#x17B6;&#x1791;&#x17B8;&#x179F;&#x17D2;&#x179A;&#x17A1;&#x17B6;&#x1789;&#x17CB; &#x1794;&#x17C9;&#x17BB;&#x1793;&#x17D2;&#x178F;&#x17C2;&#x178F;&#x17D2;&#x179A;&#x17BC;&#x179C;&#x1787;&#x17BD;&#x1794;&#x1794;&#x17D2;&#x179A;&#x1791;&#x17C7;&#x1793;&#x17B9;&#x1784;&#x17A7;&#x1794;&#x179F;&#x1782;&#x17D2;&#x1782;&#x1787;&#x17B6;&#x1785;&#x17D2;&#x179A;&#x17BE;&#x1793; &#x178A;&#x17BC;&#x1785;&#x1787;&#x17B6;&#x1780;&#x17B6;&#x179A;&#x1781;&#x17BB;&#x179F;&#x1799;&#x179B;&#x17CB;&#x1782;&#x17D2;&#x1793;&#x17B6; &#x1780;&#x17B6;&#x179A;&#x1785;&#x17C4;&#x1791;&#x1794;&#x17D2;&#x179A;&#x1780;&#x17B6;&#x1793;&#x17CB; &#x1780;&#x17B6;&#x179A;&#x1785;&#x17B6;&#x1780;&#x1785;&#x17C1;&#x1789; &#x1793;&#x17B7;&#x1784;&#x1794;&#x17C6;&#x178E;&#x17BB;&#x179B;&#x1793;&#x17C3;&#x179F;&#x17D2;&#x1793;&#x17C1;&#x17A0;&#x17B6; &#x178A;&#x17C2;&#x179B;&#x1787;&#x17B6;&#x179A;&#x17BF;&#x1784;&#x178A;&#x17C2;&#x179B;&#x1798;&#x17B7;&#x1793;&#x17A2;&#x17B6;&#x1785;&#x1794;&#x17C6;&#x1797;&#x17D2;&#x179B;&#x17C1;&#x1785;&#x1794;&#x17B6;&#x1793;&#x17D4;</subfield>
  </datafield>
  <datafield tag="520" ind1=" " ind2=" ">
    <subfield code="a">It's a romantic drama filled with emotion, promises, and the complexities of love. It revolves around a man and a woman who deeply love each other but face numerous obstacles&#x2014;misunderstandings, accusations, separation, and emotional "debts" that linger in their hearts.</subfield>
  </datafield>
  <datafield tag="650" ind1=" " ind2=" ">
    <subfield code="a">&#x1798;&#x17D2;&#x1785;&#x17B6;&#x179F;&#x17CB;&#x1794;&#x17C6;&#x178E;&#x17BB;&#x179B;&#x179F;&#x17D2;&#x1793;&#x17C1;&#x17A0;&#x17CF;</subfield>
    <subfield code="v">&#x1794;&#x17D2;&#x179A;&#x179B;&#x17C4;&#x1798;&#x179B;&#x17C4;&#x1780;&#x1794;&#x17C2;&#x1794;&#x1798;&#x1793;&#x17C4;&#x179F;&#x1789;&#x17D2;&#x1785;&#x17C1;&#x178F;&#x1793;&#x17B6;&#x200B;</subfield>
  </datafield>
  <datafield tag="650" ind1=" " ind2=" ">
    <subfield code="a">Mjas bol nol sne</subfield>
    <subfield code="v">Romantic novels</subfield>
  </datafield>
  <datafield tag="942" ind1=" " ind2=" ">
    <subfield code="2">ddc</subfield>
    <subfield code="c">BK</subfield>
    <subfield code="n">0</subfield>
  </datafield>
  <datafield tag="999" ind1=" " ind2=" ">
    <subfield code="c">6315</subfield>
    <subfield code="d">6315</subfield>
  </datafield>
  <datafield tag="952" ind1=" " ind2=" ">
    <subfield code="0">0</subfield>
    <subfield code="1">0</subfield>
    <subfield code="2">ddc</subfield>
    <subfield code="4">0</subfield>
    <subfield code="7">0</subfield>
    <subfield code="8">KH</subfield>
    <subfield code="a">002</subfield>
    <subfield code="b">002</subfield>
    <subfield code="c">TTP Khmer</subfield>
    <subfield code="d">2025-04-10</subfield>
    <subfield code="l">0</subfield>
    <subfield code="o">SRE PZ7 800</subfield>
    <subfield code="p">FISSE01620</subfield>
    <subfield code="r">2025-04-10 12:27:11</subfield>
    <subfield code="t">1</subfield>
    <subfield code="w">2025-04-10</subfield>
    <subfield code="y">BK</subfield>
  </datafield>
  <datafield tag="952" ind1=" " ind2=" ">
    <subfield code="0">0</subfield>
    <subfield code="1">0</subfield>
    <subfield code="2">ddc</subfield>
    <subfield code="4">0</subfield>
    <subfield code="7">0</subfield>
    <subfield code="8">KH</subfield>
    <subfield code="a">002</subfield>
    <subfield code="b">002</subfield>
    <subfield code="c">TTP Khmer</subfield>
    <subfield code="d">2025-04-10</subfield>
    <subfield code="l">0</subfield>
    <subfield code="o">SRE PZ7 800</subfield>
    <subfield code="p">FISSE01765</subfield>
    <subfield code="r">2025-04-10 12:27:58</subfield>
    <subfield code="t">2</subfield>
    <subfield code="w">2025-04-10</subfield>
    <subfield code="y">BK</subfield>
  </datafield>
</record>
